000 00270nam a22001097a 4500
082 _a005.3 GRO'N
100 _aGROSS, MICHAEL
_964785
245 _aNORTON UTILITIES 5 INSTANT REFERENCE
260 _aNEW DELHI
_bISLAMIC PUBLICATIONS
_c1991
300 _a162P
942 _cBK
999 _c573179
_d573179